<?xml version="1.0" encoding="UTF-8"?>
<record
    xmlns:xsi="http://www.w3.org/2001/XMLSchema-instance"
    xsi:schemaLocation="http://www.loc.gov/MARC21/slim http://www.loc.gov/standards/marcxml/schema/MARC21slim.xsd"
    xmlns="http://www.loc.gov/MARC21/slim">

  <leader>00899nam a22001817a 4500</leader>
  <controlfield tag="003">OSt</controlfield>
  <controlfield tag="005">20251217092814.0</controlfield>
  <controlfield tag="008">251217b        |||||||| |||| 00| 0 eng d</controlfield>
  <datafield tag="040" ind1=" " ind2=" ">
    <subfield code="c">DCL</subfield>
  </datafield>
  <datafield tag="082" ind1=" " ind2=" ">
    <subfield code="a">&#x1042;&#x1049;&#x1044;.&#x1043;&#x1049;&#x1042;</subfield>
  </datafield>
  <datafield tag="100" ind1="0" ind2=" ">
    <subfield code="a">&#x1016;&#x102D;&#x102F;&#x1038;&#x1000;&#x103B;&#x102C;&#x1038;&#x104B;</subfield>
    <subfield code="c">&#x1026;&#x1038;&#x104A; &#x1021;&#x1019;&#x103B;&#x102D;&#x102F;&#x1038;&#x101E;&#x102C;&#x1038;&#x1015;&#x100A;&#x102C;&#x101D;&#x1014;&#x103A;-</subfield>
  </datafield>
  <datafield tag="245" ind1="1" ind2="0">
    <subfield code="a">&#x1019;&#x103C;&#x1031;&#x102C;&#x1000;&#x103A;&#x1015;&#x102D;&#x102F;&#x1004;&#x103A;&#x1038;&#x1017;&#x102F;&#x1012;&#x1039;&#x1013;&#x1018;&#x102C;&#x101E;&#x102C;&#x1019;&#x101F;&#x102C;&#x101A;&#x102C;&#x1014;&#x1002;&#x102D;&#x102F;&#x100F;&#x103A;&#x1038; /</subfield>
    <subfield code="c">&#x1021;&#x1019;&#x103B;&#x102D;&#x102F;&#x1038;&#x101E;&#x102C;&#x1038;&#x1015;&#x100A;&#x102C;&#x101D;&#x1014;&#x103A;&#x1026;&#x1038;&#x1016;&#x102D;&#x102F;&#x1038;&#x1000;&#x103B;&#x102C;&#x1038;&#x104B;</subfield>
  </datafield>
  <datafield tag="250" ind1=" " ind2=" ">
    <subfield code="a">&#x1005;&#x1010;&#x102F;&#x1010;&#x1039;&#x1010;&#x1021;&#x1000;&#x103C;&#x102D;&#x1019;&#x103A;&#x104B;</subfield>
  </datafield>
  <datafield tag="264" ind1=" " ind2=" ">
    <subfield code="a">&#x101B;&#x1014;&#x103A;&#x1000;&#x102F;&#x1014;&#x103A; &#x104A; </subfield>
    <subfield code="b">&#x1005;&#x102D;&#x1010;&#x103A;&#x1000;&#x1030;&#x1038;&#x1001;&#x103B;&#x102D;&#x102F;&#x1001;&#x103B;&#x102D;&#x102F;&#x1005;&#x102C;&#x1015;&#x1031;&#x104A;</subfield>
    <subfield code="c">&#x1042;&#x1040;&#x1042;&#x1044;&#x104B;</subfield>
  </datafield>
  <datafield tag="300" ind1=" " ind2=" ">
    <subfield code="a">&#x1041;&#x1045;&#x1046; &#x1005;&#x102C;&#x1019;&#x103B;&#x1000;&#x103A;&#x1014;&#x103E;&#x102C; &#x104A; </subfield>
    <subfield code="c">&#x1042;&#x1041; &#x1005;&#x1004;&#x103A;&#x1010;&#x102E;&#x104B;</subfield>
  </datafield>
  <datafield tag="650" ind1=" " ind2=" ">
    <subfield code="a">&#x1019;&#x101F;&#x102C;&#x101A;&#x102C;&#x1014;&#x1017;&#x102F;&#x1012;&#x1039;&#x1013;&#x1018;&#x102C;&#x101E;&#x102C;</subfield>
  </datafield>
  <datafield tag="942" ind1=" " ind2=" ">
    <subfield code="2">ddc</subfield>
    <subfield code="c">SHORT TERM</subfield>
    <subfield code="n">0</subfield>
  </datafield>
  <datafield tag="952" ind1=" " ind2=" ">
    <subfield code="0">0</subfield>
    <subfield code="1">0</subfield>
    <subfield code="2">ddc</subfield>
    <subfield code="4">0</subfield>
    <subfield code="7">0</subfield>
    <subfield code="8">M</subfield>
    <subfield code="a">DHAM</subfield>
    <subfield code="b">DHAM</subfield>
    <subfield code="c">MMBS</subfield>
    <subfield code="d">2025-12-17</subfield>
    <subfield code="l">0</subfield>
    <subfield code="o">&#x1042;&#x1049;&#x1044;.&#x1043;&#x1049;&#x1042; &#x1016;&#x102D;&#x102F;&#x1038; &#x1043;&#x1045;&#x1044;&#x1041;</subfield>
    <subfield code="p">MB00003541</subfield>
    <subfield code="r">2025-12-17 09:28:35</subfield>
    <subfield code="w">2025-12-17</subfield>
    <subfield code="y">SHORT TERM</subfield>
    <subfield code="A">&#x1043;&#x1045;&#x1044;&#x1041;</subfield>
  </datafield>
  <datafield tag="999" ind1=" " ind2=" ">
    <subfield code="c">2743</subfield>
    <subfield code="d">2743</subfield>
  </datafield>
</record>
